Let justice roll : prophetic challenges in religion, politics and society

Αποθηκεύτηκε σε:
Λεπτομέρειες βιβλιογραφικής εγγραφής
Άλλοι συγγραφείς: Riemer, Neal 1922-
Μορφή: Βιβλίο
Γλώσσα:English
Δημοσίευση: London : Rowman & Littlefield Publishers, c1996
Σειρά:Religious forces in the modern political world
Θέματα:
Ετικέτες: Προσθήκη ετικέτας
Δεν υπάρχουν, Καταχωρήστε ετικέτα πρώτοι!

MARC

LEADER 00000nam a2200000 i 4500
001 1/90533
008 990927s1996 eng d
020 |a 0-8476-8193-9 
035 |l 10053148 
040 |a GR-MY-UA  |b gre  |e aacr 
041 0 |a eng 
082 0 |a 291.177 
245 1 0 |a Let justice roll :  |b prophetic challenges in religion, politics and society /  |c Edited by Neal Riemer 
260 |a London :   |b Rowman & Littlefield Publishers,   |c c1996 
300 |a 231 p. 
490 1 |a Religious forces in the modern political world 
504 |a Includes bibliographical references and index 
650 0 0 |a Religion and politics. 
700 1 |a Riemer, Neal  |d 1922- 
830 0 |a Religious forces in the modern political world 
852 |a INST  |b LESVOS  |e 19990927  |h 291.177 LET  |p 005100019435  |q 005100019435  |t BK  |y 0 
901 |a BIBL1-1999-3 
909 |a Λ  |b 066706 
922 |a 1ΕΛΗ  |b 199907  |c ΚΠΣ/ΤΚ  |d ΠΑΠΑΣΩΤΗΡΙΟΥ 
950 |a 103-1998-07-27 
970 |a ΜΟΥΣΤΑΚΑ  |b ΠΗΝΕΛΟΠΗ  |z 1999/09/27